| 000 | 00530nam a2200157Ia 4500 | ||
|---|---|---|---|
| 008 | 210716s2010 xx 000 0 und d | ||
| 020 | _a9788126526390 | ||
| 041 | _aeng | ||
| 082 | _a003.55 TURE | ||
| 100 | _aTurban, Efraim;Volonino, Linda. | ||
| 245 |
_aInformation technology for management: transforming organizations in the digital economy. _bTransforming organizations in the digital economy. |
||
| 250 | _a7 | ||
| 260 |
_aNew Delhi _bWiley India _c2010 |
||
| 300 | _axviii,588,S18 | ||
| 650 | _aInformation Theory(003.54) | ||
| 999 |
_c193792 _d193792 |
||